[Event "Budapest FS02 Nadassy"]
[Site "Budapest"]
[Date "2024.02.07"]
[Round "5.5"]
[White "Kahn, Evarth"]
[Black "Suhaani, Lohia"]
[Result "1-0"]
[WhiteElo "1881"]
[BlackElo "1639"]
[PlyCount "59"]
[EventDate "2024.02.03"]
[EventType "tourn"]
[EventRounds "12"]
[EventCountry "HUN"]
[SourceTitle "CB08_2024"]
[SourceDate "2024.02.21"]
[SourceVersion "1"]
[SourceVersionDate "2024.02.21"]
[SourceQuality "1"]
[WhiteTeam "Team Higher Elo"]
[BlackTeam "Team Lower Elo"]
[WhiteTeamCountry "HUN"]
[BlackTeamCountry "HUN"]

1. e4 c5 2. Nf3 d6 3. d4 cxd4 4. Nxd4 Nf6 5. Nc3 g6 6. Be3 Bg7 7. f3 0-0 8. Qd2 Nc6 9. 0-0-0 Nxd4 10. Bxd4 Be6 11. Kb1 Qc7 12. h4 Rfc8 13. h5 Qa5 14. hxg6 hxg6 15. a3 a6 16. g4 b5 17. g5 Nh5 18. Bxg7 Kxg7 19. Bh3 Bxh3 20. Rxh3 Rc4 21. e5 Rd8 22. Rdh1 d5 23. Qh2 Rcc8 24. Nxd5 e6 25. Qf4 Qe1+ 26. Rxe1 Nxf4 27. Nxf4 Rc4 28. Nd3 Rd7 29. Reh1 Rdc7 30. Rh8 1-0

[Event "Commonwealth-ch U10 Girls"]
[Site "New Delhi"]
[Date "2019.07.02"]
[Round "2.2"]
[White "Suhaani, Lohia"]
[Black "Sanikommu, Manasvi"]
[Result "0-1"]
[WhiteElo "1204"]
[BlackElo "1353"]
[PlyCount "114"]
[EventDate "2019.07.01"]
[EventType "swiss"]
[EventRounds "7"]
[EventCountry "IND"]
[SourceTitle "EXT 2024"]
[Source "ChessBase"]
[SourceDate "2023.10.10"]
[SourceVersion "1"]
[SourceVersionDate "2023.10.10"]
[SourceQuality "1"]

1. e4 c5 2. Nc3 d6 3. f4 Nc6 4. Nf3 Nf6 5. Bc4 e6 6. d3 Be7 7. 0-0 0-0 8. Qe1 d5 9. Bb3 Na5 10. a3 Nxb3 11. cxb3 d4 12. Ne2 Qb6 13. Qd1 Bd7 14. Ne5 Bb5 15. a4 Bc6 16. Nc4 Qc7 17. Bd2 b6 18. Rc1 a6 19. Ne5 b5 20. Nxc6 Qxc6 21. e5 Ne8 22. b4 Qd5 23. bxc5 Bxc5 24. b4 Ba7 25. Ng3 Qd7 26. a5 Nc7 27. f5 exf5 28. Nxf5 Ne6 29. Qg4 Kh8 30. Nxg7 Rg8 31. Bh6 Qb7 32. Qh5 Nxg7 33. Rxf7 Nxh5 34. Rxb7 Bb8 35. e6 Rg6 36. Rf1 Bxh2+ 37. Kh1 Ng3+ 38. Kxh2 Nxf1+ 39. Kg1 Rxh6 40. e7 Ne3 41. Ra7 Re8 42. Rd7 Re6 43. Rd8 R6xe7 44. Rxd4 Rg7 45. g4 Rxg4+ 46. Rxg4 Nxg4 47. Kg2 Re3 48. d4 h5 49. d5 Rd3 50. d6 h4 51. d7 h3+ 52. Kf1 Rxd7 53. Ke2 h2 54. Kf3 h1Q+ 55. Kxg4 Rf7 56. Kg3 Qg1+ 57. Kh4 Rh7# 0-1

[Event "Locarno op 4th"]
[Site "Locarno"]
[Date "2019.04.06"]
[Round "2"]
[White "Suhaani, Lohia"]
[Black "Carron, Joel"]
[Result "1-0"]
[WhiteElo "1122"]
[BlackElo "1534"]
[PlyCount "37"]
[EventDate "2019.04.05"]
[EventType "swiss"]
[EventRounds "5"]
[EventCountry "SUI"]
[SourceTitle "CBM 190 Extra"]
[Source "ChessBase"]
[SourceDate "2019.07.15"]
[SourceVersion "1"]
[SourceVersionDate "2019.07.15"]
[SourceQuality "1"]

1. e4 c5 2. Nc3 Nc6 3. f4 d6 4. Nf3 g6 5. Bc4 e6 6. 0-0 Bg7 7. d3 Nge7 8. Qe1 0-0 9. Qh4 Nd4 10. f5 exf5 11. Bg5 Re8 12. Nd5 Ndc6 13. Bb5 f6 14. Bxf6 Bxf6 15. Nxf6+ Kg7 16. Nxe8+ Qxe8 17. Rae1 a6 18. Bxc6 Qxc6 19. Qxe7+ 1-0